The Complete Book of Sports Medicine : (Record no. 33769)

MARC details
000 -LEADER
fixed length control field 00546nam a22001817a 4500
005 - DATE AND TIME OF LATEST TRANSACTION
control field 20231016104520.0
008 - FIXED-LENGTH DATA ELEMENTS--GENERAL INFORMATION
fixed length control field 231004b |||||||| |||| 00| 0 eng d
020 ## - INTERNATIONAL STANDARD BOOK NUMBER
ISBN 0446972134
082 ## - DEWEY DECIMAL CLASSIFICATION NUMBER
Classification number 617.1027
Item number DOM-C
100 ## - MAIN ENTRY--AUTHOR
Author Name Dominguez,Richard H.
245 ## - TITLE STATEMENT
Title The Complete Book of Sports Medicine :
Remainder of title An orthopedist tells how to Prevent, Evaluate,and Treat Common Injuries.
260 ## - PUBLICATION, DISTRIBUTION, ETC.
Place of Publication USA
Name of publisher, distributor, etc. Warner Books
Date of publication, distribution, etc. 1980
300 ## - PHYSICAL DESCRIPTION
Pages 182
500 ## - GENERAL NOTE
General note Include Index
650 ## - SUBJECT ADDED ENTRY--TOPICAL TERM
Subject / Department Physiothgerapy
700 ## - ADDED ENTRY--PERSONAL NAME
Personal name Richard H.Dominguez
942 ## - ADDED ENTRY ELEMENTS (KOHA)
-- Book
-- BOOK
952 ## - LOCATION AND ITEM INFORMATION (KOHA)
-- 0
-- 0
Holdings
Lost status Damaged status Collection code Permanent Location Current Location Shelving Location Date acquired Full Call Number Accession No./Barcode Date last seen item type
    Medical /Allied Heath Science Superior Information Resource Center (SIRC) Superior University- Central Library Superior Information Resource Center (SIRC) Superior University- Central Library Physiotherapy 10/04/2023 617.1027 DOM-C 1980 20647 10/04/2023 BOOK

Powered by Koha